<?xml version="1.0" encoding="UTF-8"?>
<record
    xmlns:xsi="http://www.w3.org/2001/XMLSchema-instance"
    xsi:schemaLocation="http://www.loc.gov/MARC21/slim http://www.loc.gov/standards/marcxml/schema/MARC21slim.xsd"
    xmlns="http://www.loc.gov/MARC21/slim">

  <leader>01669nam1a2200301 i 4500</leader>
  <controlfield tag="001">RU\NLR\bibl\519125</controlfield>
  <controlfield tag="005">20260406135126.0</controlfield>
  <datafield tag="035" ind1=" " ind2=" ">
    <subfield code="a">(NLR Aleph) 000511536</subfield>
  </datafield>
  <datafield tag="090" ind1=" " ind2=" ">
    <subfield code="a">1236372</subfield>
    <subfield code="c">1236372</subfield>
  </datafield>
  <datafield tag="100" ind1=" " ind2=" ">
    <subfield code="a">20040513d20039999k  c0rusy50      ca</subfield>
  </datafield>
  <datafield tag="101" ind1="0" ind2=" ">
    <subfield code="a">rus</subfield>
  </datafield>
  <datafield tag="102" ind1=" " ind2=" ">
    <subfield code="a">RU</subfield>
  </datafield>
  <datafield tag="105" ind1=" " ind2=" ">
    <subfield code="a">||||z   |||||</subfield>
  </datafield>
  <datafield tag="200" ind1="1" ind2=" ">
    <subfield code="a">&#x421;&#x438;&#x441;&#x442;&#x435;&#x43C;&#x43D;&#x430;&#x44F; &#x43B;&#x43E;&#x433;&#x438;&#x441;&#x442;&#x438;&#x43A;&#x430; &#x438; &#x446;&#x435;&#x43D;&#x442;&#x440; &#x43A;&#x43E;&#x43D;&#x441;&#x43E;&#x43B;&#x438;&#x434;&#x430;&#x446;&#x438;&#x438; &#x433;&#x440;&#x443;&#x437;&#x43E;&#x43F;&#x43E;&#x442;&#x43E;&#x43A;&#x43E;&#x432; &#x43D;&#x430; &#x43C;&#x435;&#x436;&#x434;&#x443;&#x43D;&#x430;&#x440;&#x43E;&#x434;&#x43D;&#x44B;&#x445; &#x442;&#x440;&#x430;&#x441;&#x441;&#x430;&#x445;</subfield>
    <subfield code="e">&#x422;&#x440;. II-&#x43E;&#x439; &#x41C;&#x435;&#x436;&#x434;&#x443;&#x43D;&#x430;&#x440;. &#x43D;&#x430;&#x443;&#x447;.-&#x43F;&#x440;&#x430;&#x43A;&#x442;. &#x43A;&#x43E;&#x43D;&#x444;.</subfield>
    <subfield code="f">[&#x420;&#x435;&#x434;&#x43A;&#x43E;&#x43B;.: &#x410;&#x440;&#x445;&#x430;&#x43D;&#x433;&#x435;&#x43B;&#x44C;&#x441;&#x43A;&#x438;&#x439; &#x421;.&#x412;. &#x434;.&#x442;.&#x43D;., &#x43F;&#x440;&#x43E;&#x444;. (&#x43E;&#x442;&#x432;. &#x440;&#x435;&#x434;.) &#x438; &#x434;&#x440;.]</subfield>
  </datafield>
  <datafield tag="210" ind1=" " ind2=" ">
    <subfield code="a">&#x421;&#x430;&#x43C;&#x430;&#x440;&#x430;</subfield>
    <subfield code="c">&#x411;.&#x438;.</subfield>
    <subfield code="d">2003</subfield>
  </datafield>
  <datafield tag="215" ind1=" " ind2=" ">
    <subfield code="d">20</subfield>
  </datafield>
  <datafield tag="300" ind1=" " ind2=" ">
    <subfield code="a">&#x412; &#x43D;&#x430;&#x434;&#x437;&#x430;&#x433;.: &#x410;&#x434;&#x43C;&#x438;&#x43D;&#x438;&#x441;&#x442;&#x440;&#x430;&#x446;&#x438;&#x44F; &#x421;&#x430;&#x43C;. &#x43E;&#x431;&#x43B;., &#x41D;&#x430;&#x443;&#x447;.-&#x43F;&#x440;&#x43E;&#x438;&#x437;&#x432;. &#x446;&#x435;&#x43D;&#x442;&#x440; &#x438;&#x43D;&#x444;&#x43E;&#x440;&#x43C;. &#x438; &#x442;&#x440;&#x430;&#x43D;&#x441;&#x43F;. &#x441;&#x438;&#x441;&#x442;&#x435;&#x43C; (&#x41D;&#x41F;&#x426; &#x418;&#x41D;&#x424;&#x41E;&#x422;&#x420;&#x410;&#x41D;&#x421;), &#x421;&#x440;&#x435;&#x434;&#x43D;&#x435;&#x432;&#x43E;&#x43B;&#x436;. &#x440;&#x435;&#x433;&#x438;&#x43E;&#x43D;. &#x43D;&#x430;&#x443;&#x447;. &#x446;&#x435;&#x43D;&#x442;&#x440; &#x410;&#x422; &#x420;&#x424;, &#x41E;&#x410;&#x41E; "&#x412;&#x43E;&#x43B;&#x433;&#x430;&#x442;&#x440;&#x430;&#x43D;&#x441;&#x442;&#x435;&#x440;&#x43C;&#x438;&#x43D;&#x430;&#x43B;"</subfield>
  </datafield>
  <datafield tag="463" ind1=" " ind2="0">
    <subfield code="1">001514386</subfield>
  </datafield>
  <datafield tag="606" ind1="0" ind2=" ">
    <subfield code="a">&#x41B;&#x43E;&#x433;&#x438;&#x441;&#x442;&#x438;&#x43A;&#x430; &#x442;&#x440;&#x430;&#x43D;&#x441;&#x43F;&#x43E;&#x440;&#x442;&#x43D;&#x430;&#x44F;</subfield>
    <subfield code="j">&#x421;&#x44A;&#x435;&#x437;&#x434;&#x44B;, &#x441;&#x43E;&#x432;&#x435;&#x449;&#x430;&#x43D;&#x438;&#x44F; &#x438; &#x442;.&#x43F;.</subfield>
    <subfield code="x">&#x420;&#x435;&#x433;&#x438;&#x43E;&#x43D;&#x430;&#x43B;&#x44C;&#x43D;&#x44B;&#x439; &#x430;&#x441;&#x43F;&#x435;&#x43A;&#x442;</subfield>
    <subfield code="9">2161630</subfield>
    <subfield code="3">RU\NLR\auth\661300871</subfield>
  </datafield>
  <datafield tag="686" ind1=" " ind2=" ">
    <subfield code="a">&#x423;37(2)-59&#x44F;431</subfield>
  </datafield>
  <datafield tag="702" ind1=" " ind2="1">
    <subfield code="4">340</subfield>
    <subfield code="7">ca</subfield>
    <subfield code="8">rus</subfield>
    <subfield code="a">&#x410;&#x440;&#x445;&#x430;&#x43D;&#x433;&#x435;&#x43B;&#x44C;&#x441;&#x43A;&#x438;&#x439;</subfield>
    <subfield code="b">&#x421;. &#x412;.</subfield>
    <subfield code="c">&#x434;-&#x440; &#x442;&#x435;&#x445;&#x43D;. &#x43D;&#x430;&#x443;&#x43A;</subfield>
    <subfield code="f">- 2015</subfield>
    <subfield code="g">&#x421;&#x435;&#x440;&#x433;&#x435;&#x439; &#x412;&#x430;&#x441;&#x438;&#x43B;&#x44C;&#x435;&#x432;&#x438;&#x447;</subfield>
    <subfield code="9">221721</subfield>
    <subfield code="3">RU\NLR\AUTH\770221777</subfield>
  </datafield>
  <datafield tag="712" ind1="0" ind2="1">
    <subfield code="4">570</subfield>
    <subfield code="a">&#x421;&#x430;&#x43C;&#x430;&#x440;&#x441;&#x43A;&#x430;&#x44F; &#x43E;&#x431;&#x43B;&#x430;&#x441;&#x442;&#x44C;</subfield>
    <subfield code="b">&#x410;&#x434;&#x43C;&#x438;&#x43D;&#x438;&#x441;&#x442;&#x440;&#x430;&#x446;&#x438;&#x44F;</subfield>
    <subfield code="3">RU\NLR\AUTH\889918104</subfield>
    <subfield code="9">332351</subfield>
  </datafield>
  <datafield tag="801" ind1=" " ind2="0">
    <subfield code="a">RU</subfield>
    <subfield code="b">NLR</subfield>
    <subfield code="c">20040513</subfield>
    <subfield code="g">PSBO</subfield>
  </datafield>
  <datafield tag="801" ind1=" " ind2="1">
    <subfield code="a">RU</subfield>
    <subfield code="b">NLR</subfield>
    <subfield code="c">20040513</subfield>
  </datafield>
  <datafield tag="852" ind1=" " ind2=" ">
    <subfield code="a">NLR</subfield>
    <subfield code="j">2004-3/8960</subfield>
  </datafield>
  <datafield tag="942" ind1=" " ind2=" ">
    <subfield code="c">BOOK</subfield>
  </datafield>
</record>
